LabVIEW для всех: пер. с англ.

التفاصيل البيبلوغرافية
المؤلف الرئيسي: Тревис Дж. Джеффри
مؤلفون آخرون: Клушин Н. А. (переводчик), Шериков В. В. (редактор), Гурьев В. А.
الملخص:«LabVIEW для всех» - базовый курс по основам графического программирования в инженерной среде LabVIEW. Пакет LabVIEW формализует этап создания алгоритма работы прибора, описывая этот алгоритм в виде блок-схемы. В книге отражены все этапы создания виртуального прибора: регистрация сигнала, обработка, отображение. На компакт-диске, приложенном к книге, представлена демонстрационная версия программы LabVIEW и приведено большое количество примеров. Издание предназначено для инженеров и студентов технических вузов.
اللغة:الروسية
منشور في: Москва, ПриборКомплект, 2005
الموضوعات:
التنسيق: غير معروف
KOHA link:https://koha.lib.tpu.ru/cgi-bin/koha/opac-detail.pl?biblionumber=82436

MARC

LEADER 00000nmm0a2200000 4500
001 82436
005 20231031095720.0
010 |a 5940742572  |b 2000 экз. 
021 |a RU  |b 05-52653  |9 05-2568 
035 |a (RuTPU)RU\TPU\book\88584 
090 |a 82436 
100 |a 20051003d2005 km u0rusy5002 ca 
101 1 |a rus  |c eng 
102 |a RU 
105 |a a z 000zy 
200 1 |a LabVIEW для всех  |e пер. с англ.  |f Дж. Тревис  |g пер. Н. А. Клушина; под ред. В. В. Шерикова, В. А. Гурьева 
210 |a Москва  |c ПриборКомплект  |c ДМК Пресс  |d 2005 
215 |a 537 с.  |c ил.  |e Приложение: CD-ROM 
330 |a «LabVIEW для всех» - базовый курс по основам графического программирования в инженерной среде LabVIEW. Пакет LabVIEW формализует этап создания алгоритма работы прибора, описывая этот алгоритм в виде блок-схемы. В книге отражены все этапы создания виртуального прибора: регистрация сигнала, обработка, отображение. На компакт-диске, приложенном к книге, представлена демонстрационная версия программы LabVIEW и приведено большое количество примеров. Издание предназначено для инженеров и студентов технических вузов. 
610 1 |a персональные компьютеры 
610 1 |a машинная графика 
610 1 |a графическое программирование 
610 1 |a виртуальные приборы 
610 1 |a программы 
610 1 |a данные 
610 1 |a осциллограммы 
610 1 |a возможности 
610 1 |a CD-ROM 
610 1 |a LabVIEW 
675 |a 681.327.1  |v 3  |z rus 
700 1 |a Тревис  |b Дж.  |g Джеффри  |4 070 
702 1 |a Клушин  |b Н. А.  |4 730 
702 1 |a Шериков  |b В. В.  |4 340 
702 1 |a Гурьев  |b В. А.  |4 340 
801 0 |a RU  |b RKP  |c 20050915  |g PSBO 
801 1 |a RU  |b 63413507  |c 20051003  |g PSBO 
801 2 |a RU  |b 63413507  |c 20190710  |g PSBO 
942 |c MX